| 000 | 00418nam a2200145Ia 4500 | ||
|---|---|---|---|
| 008 | 231129s2007||||xx |||||||||||||| ||spa|| | ||
| 020 | _a978-84-96222-80-9 | ||
| 040 | _bspa | ||
| 082 | _a927 H498C | ||
| 100 | _aCross Charles R. | ||
| 245 | 0 | _aRoom Full of Mirrors : Jimi Hendrix : la biografía | |
| 260 | _c2007 | ||
| 264 | _aBarcelona España : Robinbook | ||
| 942 |
_2ddc _cBKS |
||
| 999 |
_c24178 _d24178 |
||